Top 10 Combat Rifles - Statistics

General Stats
  • This quiz has been taken 101 times
  • The average score is 4 of 10
Answer Stats
Rank Rifle % Correct
2 M16
93%
1 AK-47
91%
7 Steyr AUG
36%
10 M14
34%
5 FN FAL
29%
4 M1 Garand
28%
6 Karabiner 98k
24%
3 Lee–Enfield SMLE
24%
8 M1903 Springfield
19%
9 Sturmgewehr 44
19%
No matching quizzes found
Score Distribution
Percent of People with Each Score
Percentile by Number Answered
Your Score History
You have not taken this quiz